000 01077cam a2200217 4500
008 040427n2004 000 0 eng u
020 _a0110908856
035 _a(Sirsi) u126025
041 _aeng
245 4 _aThe Leasehold Valuation Tribunals (Fees) (Wales) Regulations 2004
260 _aLondon
_bHMSO
_c2004
490 _aSI
_v2004: 683
520 _aCame into force 31 March 2004. Outline fees payable for applications to and hearings before Leasehold Valuation Tribunals including cases transferred from a court. Replace, with amendments, the Leasehold Valuation Tribunal (Fees) Order 1997. See Explanatory Note for further details. View at www.legislation.hmso.gov.uk.
650 _aLEASEHOLD VALUATION TRIBUNALS
650 _aLEASEHOLD VALUATION TRIBUNALS (FEES) (WALES) REGULATIONS 2004
650 _aLEASEHOLD VALUATION TRIBUNAL FEES
650 _aWALES
690 _aLANDLORD AND TENANT-LEASEHOLD REFORM
856 _uhttps://www.legislation.hmso.gov.uk/legislation/wales/wsi2004/20040683e.htm
_zView the Regulations on the HMSO website...
942 _n0
999 _c103552
_d103552